[Event "14th 4NCL Congress"]
[Site "Wokefield"]
[Date "2017.07.14"]
[Round "1"]
[Board "1"]
[White "Adair, James R"]
[Black "Savage, Nicholas W"]
[Result "1-0"]
[WhiteElo "2478"]
[BlackElo "2017"]
[PlyCount "67"]
[EventDate "2017.07.14"]
[EventRounds "5"]
[EventCountry "ENG"]

1. e4 e5 2. Nf3 Nc6 3. Bb5 a6 4. Ba4 Nf6 5. O-O Be7 6. Re1 b5 7. Bb3 d6 8. c3
O-O 9. h3 Re8 10. d4 Bb7 11. Nbd2 Bf8 12. a3 h6 13. Bc2 Nb8 14. b3 g6 15. Bb2
Bg7 16. a4 Nbd7 17. Bd3 c6 18. Bf1 Qb6 19. Qc2 exd4 20. cxd4 c5 21. d5 Nh5 22.
Bxg7 Kxg7 23. Ra2 Ne5 24. Nxe5 Rxe5 25. Qc3 Kg8 26. axb5 axb5 27. Rxa8+ Bxa8
28. Ra1 Re8 29. Qa5 Qxa5 30. Rxa5 b4 31. Nc4 f5 32. Nb6 Bb7 33. Ra7 Bc8 34. Rc7
 1-0

[Event "14th 4NCL Congress"]
[Site "Wokefield"]
[Date "2017.07.14"]
[Round "1"]
[Board "2"]
[White "Head, Louise"]
[Black "Merry, Alan B"]
[Result "1-0"]
[WhiteElo "2012"]
[BlackElo "2427"]
[PlyCount "81"]
[EventDate "2017.07.14"]
[EventRounds "5"]
[EventCountry "ENG"]

1. d4 Nf6 2. c4 g6 3. Nc3 Bg7 4. e4 d6 5. h3 O-O 6. Nf3 e5 7. Be3 exd4 8. Nxd4
Re8 9. Bd3 Nbd7 10. Qc2 Nc5 11. O-O-O a6 12. g4 b5 13. cxb5 Nxd3+ 14. Qxd3 axb5
15. e5 dxe5 16. Ndxb5 Qe7 17. g5 Nh5 18. Nd5 Qf8 19. Qc4 c6 20. Bc5 cxd5 21.
Qb4 Bf5 22. Bxf8 Bxf8 23. Qb3 Rec8+ 24. Kd2 Rc4 25. a3 Be7 26. Rhg1 Rb8 27. Rc1
Rh4 28. Rc7 Bd8 29. Ra7 Bb6 30. Re7 Rxh3 31. Qxd5 Rd3+ 32. Qxd3 Bxd3 33. Kxd3
Nf4+ 34. Kc4 Ne6 35. b4 Bxf2 36. Rf1 Rc8+ 37. Kd5 Rd8+ 38. Nd6 Nf4+ 39. Kxe5
Nd3+ 40. Kd5 Bg3 41. Re8+ 1-0

[Event "14th 4NCL Congress"]
[Site "Wokefield"]
[Date "2017.07.14"]
[Round "1"]
[Board "3"]
[White "Sommer, Martin C"]
[Black "Davies, Peter L"]
[Result "1/2-1/2"]
[WhiteElo "2024"]
[BlackElo "1991"]
[PlyCount "52"]
[EventDate "2017.07.14"]
[EventRounds "5"]
[EventCountry "ENG"]

1. d4 Nf6 2. Nf3 c5 3. e3 g6 4. Bd3 Bg7 5. O-O O-O 6. c3 b6 7. Nbd2 Ba6 8. Bxa6
Nxa6 9. Qe2 Qc8 10. Ne5 d6 11. Nd3 c4 12. Ne1 d5 13. e4 Nxe4 14. Nxe4 dxe4 15.
Qxe4 Qd7 16. f4 e6 17. Nf3 Nc7 18. Ne5 Qd5 19. Qxd5 exd5 20. Bd2 Nb5 21. Rae1
Nd6 22. Bc1 Rac8 23. Ng4 Nf5 24. Re2 Rfe8 25. Rfe1 Rxe2 26. Rxe2 f6 1/2-1/2

[Event "14th 4NCL Congress"]
[Site "Wokefield"]
[Date "2017.07.14"]
[Round "1"]
[Board "4"]
[White "French, Max"]
[Black "Wadsworth, Matthew J"]
[Result "1/2-1/2"]
[WhiteElo "1970"]
[BlackElo "2298"]
[PlyCount "147"]
[EventDate "2017.07.14"]
[EventRounds "5"]
[EventCountry "ENG"]

1. d4 Nf6 2. c4 c5 3. d5 e6 4. Nc3 exd5 5. cxd5 d6 6. e4 g6 7. Nf3 a6 8. a4 Bg4
9. Bd3 Nbd7 10. h3 Bxf3 11. Qxf3 Bg7 12. O-O O-O 13. Bg5 Qb6 14. Rab1 Rfe8 15.
Rfe1 Ne5 16. Qe3 Qb4 17. f4 Nxd3 18. Qxd3 Qd4+ 19. Qxd4 cxd4 20. Bxf6 Bxf6 21.
Na2 Rac8 22. Kf2 d3 23. Ke3 Rc4 24. Nc3 Bxc3 25. bxc3 Rcxe4+ 26. Kd2 Re2+ 27.
Rxe2 Rxe2+ 28. Kxd3 Rxg2 29. Rxb7 Rg3+ 30. Kc4 Rf3 31. Rb6 Rxf4+ 32. Kb3 a5 33.
Rxd6 Kf8 34. Ra6 Rh4 35. d6 Ke8 36. Rxa5 Rxh3 37. Rd5 Kd7 38. Rd1 Re3 39. a5
Re8 40. c4 h5 41. c5 h4 42. Kc4 Rh8 43. a6 h3 44. a7 Ra8 45. c6+ Kxc6 46. d7
Rd8 47. a8=Q+ Rxa8 48. d8=Q Rxd8 49. Rxd8 g5 50. Rg8 f6 51. Kd4 Kd6 52. Ke4 Ke6
53. Rh8 f5+ 54. Kf3 Ke5 55. Re8+ Kf6 56. Kg3 g4 57. Kf4 Kf7 58. Re1 Kf6 59. Ra1
Kg6 60. Ra5 Kh6 61. Ra6+ Kg7 62. Ra8 Kh7 63. Rb8 Kg7 64. Rb5 Kg6 65. Rd5 Kh6
66. Rd7 Kg6 67. Rd6+ Kg7 68. Rb6 Kh7 69. Kg5 Kg7 70. Rh6 f4 71. Rg6+ Kh7 72.
Rh6+ Kg7 73. Rg6+ Kh7 74. Rh6+ 1/2-1/2

[Event "14th 4NCL Congress"]
[Site "Wokefield"]
[Date "2017.07.14"]
[Round "1"]
[Board "5"]
[White "Jackson, James P"]
[Black "Marley, Andrew Sg"]
[Result "1-0"]
[WhiteElo "2286"]
[BlackElo "1969"]
[PlyCount "47"]
[EventDate "2017.07.14"]
[EventRounds "5"]
[EventCountry "ENG"]

1. e4 c5 2. Nf3 d6 3. d4 cxd4 4. Nxd4 Nf6 5. Nc3 a6 6. Bc4 e6 7. Bb3 b5 8. O-O
Nbd7 9. Re1 Bb7 10. Bg5 Nc5 11. Bd5 Qc7 12. Bxb7 Qxb7 13. Bxf6 gxf6 14. Qh5 b4
15. Nd5 O-O-O 16. a3 exd5 17. axb4 Nxe4 18. b5 Nc5 19. b4 Rg8 20. bxc5 dxc5 21.
bxa6 Qa8 22. Qxf7 Bd6 23. Nb5 d4 24. Nxd6+ 1-0

[Event "14th 4NCL Congress"]
[Site "Wokefield"]
[Date "2017.07.14"]
[Round "1"]
[Board "6"]
[White "Golding, James"]
[Black "Chapman, Terry Pd"]
[Result "1-0"]
[WhiteElo "1963"]
[BlackElo "2250"]
[PlyCount "89"]
[EventDate "2017.07.14"]
[EventRounds "5"]
[EventCountry "ENG"]

1. d4 Nf6 2. c4 c5 3. d5 b5 4. cxb5 a6 5. bxa6 g6 6. Nc3 Bg7 7. Nf3 O-O 8. g3
d6 9. Bg2 Nxa6 10. e4 Qb6 11. Nd2 Nd7 12. Nc4 Qb4 13. Qb3 Ne5 14. Nxe5 Qxb3 15.
axb3 Bxe5 16. Bg5 Rb8 17. Bf1 Nb4 18. Kd2 f6 19. Bh6 Rf7 20. Bc4 f5 21. f4 Bd4
22. Rhe1 fxe4 23. Nxe4 Bg7 24. Bxg7 Rxg7 25. Ra7 Bb7 26. Nc3 Kf8 27. Rea1 Rf7
28. R1a5 Rg7 29. Rb5 e6 30. dxe6 Nc6 31. Ra1 Nb4 32. Nd5 Nc6 33. Nf6 Ra8 34.
Rxa8+ Bxa8 35. Nd5 Rb7 36. Rxb7 Bxb7 37. g4 Nb4 38. Nf6 Ke7 39. Nxh7 d5 40. Bd3
Nxd3 41. Kxd3 Kxe6 42. Nf8+ Kf7 43. Nd7 Ba6+ 44. Kc3 Bc8 45. Nxc5 1-0

[Event "14th 4NCL Congress"]
[Site "Wokefield"]
[Date "2017.07.14"]
[Round "1"]
[Board "7"]
[White "Golding, Alex"]
[Black "Bourne, Johnathan D"]
[Result "1/2-1/2"]
[WhiteElo "2237"]
[BlackElo "1937"]
[PlyCount "126"]
[EventDate "2017.07.14"]
[EventRounds "5"]
[EventCountry "ENG"]

1. d4 Nf6 2. c4 g6 3. Nc3 Bg7 4. e4 d6 5. Be2 O-O 6. Bg5 h6 7. Be3 e5 8. d5 a5
9. g4 Nh7 10. Qd2 Qh4 11. Nf3 Qh3 12. Rg1 Bxg4 13. Rg3 Qh5 14. h3 Bxf3 15. Bxf3
Qh4 16. Rg4 Qf6 17. Rg3 Qh4 18. c5 Na6 19. cxd6 cxd6 20. Nb5 Rfd8 21. Bb6 Ng5
22. Bxd8 Nxf3+ 23. Rxf3 Qxe4+ 24. Qe2 Qb4+ 25. Rc3 Rxd8 26. a3 Qf4 27. Qg4 Qh2
28. Ke2 e4 29. Rc2 Qe5 30. Rd1 Nc5 31. Qg3 Qh5+ 32. Qg4 Qe5 33. Qh4 Bf6 34. Qg3
Qh5+ 35. Qg4 Qe5 36. Nc3 e3 37. f4 Qe7 38. Qf3 Re8 39. Kf1 Nb3 40. Ne2 Nd2+ 41.
Rdxd2 exd2 42. Rxd2 Qc7 43. Qd3 Qc5 44. Rc2 Qb6 45. Nc3 Re3 46. Qc4 Bxc3 47.
Qc8+ Kh7 48. Rxc3 Rxc3 49. bxc3 Qb1+ 50. Kf2 Qc2+ 51. Ke3 Qc1+ 52. Ke4 Qc2+ 53.
Ke3 Qc1+ 54. Ke4 f5+ 55. Kd3 Qd1+ 56. Kc4 Qa4+ 57. Kd3 Qe4+ 58. Kd2 Qxd5+ 59.
Kc1 Qh1+ 60. Kc2 Qe4+ 61. Kb3 a4+ 62. Kb2 Qe2+ 63. Kc1 Qe1+ 1/2-1/2

[Event "14th 4NCL Congress"]
[Site "Wokefield"]
[Date "2017.07.14"]
[Round "1"]
[Board "8"]
[White "Stoyanov, Viktor"]
[Black "Gaudeau, Valentin"]
[Result "0-1"]
[WhiteElo "1919"]
[BlackElo "2170"]
[PlyCount "86"]
[EventDate "2017.07.14"]
[EventRounds "5"]
[EventCountry "ENG"]

1. d4 Nf6 2. Bf4 d5 3. e3 c5 4. c3 Nc6 5. Nd2 Bf5 6. Qb3 Qd7 7. Ngf3 c4 8. Qd1
h6 9. Be2 e6 10. Ne5 Nxe5 11. Bxe5 Be7 12. O-O O-O 13. Re1 b5 14. Bf3 a5 15. e4
Bh7 16. Qc1 b4 17. exd5 exd5 18. Bd1 a4 19. Bc2 Ra6 20. Bxh7+ Nxh7 21. a3 bxa3
22. bxa3 Rb6 23. Rb1 Rxb1 24. Nxb1 Re8 25. Bg3 Ng5 26. f3 Bf8 27. Qb2 Rxe1+ 28.
Bxe1 Bd6 29. Bg3 Ne6 30. Bxd6 Qxd6 31. g3 Ng5 32. Kf2 Qg6 33. h4 Nh3+ 34. Kg2
Nf4+ 35. Kh2 Nd3 36. Qc2 Qe6 37. Qd2 Qb6 38. Qd1 Qb2+ 39. Nd2 Qxc3 40. Qe2 Kf8
41. Qe3 Qxa3 42. Kh3 Qe7 43. Qg1 Qe1 0-1

[Event "14th 4NCL Congress"]
[Site "Wokefield"]
[Date "2017.07.14"]
[Round "1"]
[Board "9"]
[White "Murphy, Conor E"]
[Black "Anderson, Peter W"]
[Result "1-0"]
[WhiteElo "2154"]
[BlackElo "1907"]
[PlyCount "89"]
[EventDate "2017.07.14"]
[EventRounds "5"]
[EventCountry "ENG"]

1. Nf3 g6 2. g3 Bg7 3. c4 e5 4. Nc3 f5 5. d3 d6 6. Bg2 Nf6 7. O-O O-O 8. Rb1
Nc6 9. b4 h6 10. b5 Ne7 11. a4 g5 12. Ba3 Ng6 13. a5 a6 14. Qb3 Rf7 15. Nd2
axb5 16. cxb5 Rxa5 17. Bb4 Ra8 18. Ra1 Bd7 19. Bxb7 Rb8 20. Ra7 Ne7 21. b6 c5
22. Ba5 Nc8 23. Rb1 Qe8 24. Bxc8 Qxc8 25. b7 Qc6 26. Qa2 Be8 27. Rb6 Qd7 28.
Nb5 Bf8 29. Nc4 Nd5 30. Rxd6 Bxd6 31. Ncxd6 Qc6 32. e4 fxe4 33. dxe4 Nb4 34.
Bxb4 cxb4 35. Ra8 Rbxb7 36. Rxe8+ Kg7 37. Nxf7 Qxe8 38. Nbd6 Qc6 39. Nxb7 Qxb7
40. Nxe5 b3 41. Qb2 Qxe4 42. Nd3+ Kg6 43. Qxb3 h5 44. Qb6+ Kg7 45. Qc7+ 1-0

[Event "14th 4NCL Congress"]
[Site "Wokefield"]
[Date "2017.07.14"]
[Round "1"]
[Board "10"]
[White "Herring, Sam Ac"]
[Black "Goater, Kevin P"]
[Result "1/2-1/2"]
[WhiteElo "1907"]
[BlackElo "2128"]
[PlyCount "60"]
[EventDate "2017.07.14"]
[EventRounds "5"]
[EventCountry "ENG"]

1. d4 g6 2. e4 Bg7 3. Nf3 c5 4. c3 cxd4 5. cxd4 Nf6 6. Nc3 d5 7. e5 Ne4 8. Nxe4
dxe4 9. Ng5 Nc6 10. Be3 Qa5+ 11. Qd2 Qxd2+ 12. Kxd2 Bf5 13. Bb5 O-O 14. Rac1
Nb4 15. a3 Nd5 16. Rc5 Rad8 17. Ke2 b6 18. Rc2 h6 19. Nh3 Bg4+ 20. Ke1 Kh7 21.
Ng1 Rc8 22. Kd2 Rfd8 23. h3 Be6 24. Rxc8 Bxc8 25. Kc2 Bb7 26. Ne2 a6 27. Ba4 b5
28. Bb3 Rc8+ 29. Kb1 e6 30. Rc1 Nxe3 1/2-1/2

[Event "14th 4NCL Congress"]
[Site "Wokefield"]
[Date "2017.07.14"]
[Round "1"]
[Board "11"]
[White "Richmond, Jane"]
[Black "Ifalore, Michael"]
[Result "1-0"]
[WhiteElo "2125"]
[BlackElo "1897"]
[PlyCount "107"]
[EventDate "2017.07.14"]
[EventRounds "5"]
[EventCountry "ENG"]

1. e4 e5 2. Nf3 Nc6 3. Bb5 a6 4. Ba4 Nf6 5. O-O Be7 6. Qe2 O-O 7. Bxc6 dxc6 8.
Nxe5 Qd4 9. Nf3 Qd8 10. Nc3 Re8 11. d3 Bg4 12. h3 Bh5 13. Qe3 Bb4 14. Qf4 Qd7
15. Be3 Qe7 16. Nd4 Bg6 17. Nf5 Qd7 18. g4 Bd6 19. Nxd6 cxd6 20. Bd4 Re6 21.
Qg3 h6 22. f4 Bh7 23. f5 Ree8 24. Rae1 Qd8 25. Ne2 c5 26. Bxf6 Qxf6 27. Nc3
Rad8 28. Kh2 b5 29. Rb1 c4 30. dxc4 bxc4 31. Rbd1 Rd7 32. Rfe1 Red8 33. Rd2 Kh8
34. Red1 Qe7 35. Rd4 f6 36. Rxc4 Bg8 37. Rcd4 Kh7 38. Qf4 Rb7 39. Na4 Rc8 40.
R1d2 Qe5 41. Qxe5 dxe5 42. Rd6 Bxa2 43. Nb6 Rcc7 44. b3 Bb1 45. Nc4 a5 46. Na3
Ba2 47. Rd8 a4 48. bxa4 Rb4 49. Nb5 Rc5 50. c3 Rxa4 51. Rb8 Bb3 52. Rdd8 Ra2+
53. Kg3 g6 54. Rd7+ 1-0

[Event "14th 4NCL Congress"]
[Site "Wokefield"]
[Date "2017.07.14"]
[Round "1"]
[Board "12"]
[White "Sagues, Vincent"]
[Black "Stewart, Ashley"]
[Result "0-1"]
[WhiteElo "1883"]
[BlackElo "2111"]
[PlyCount "99"]
[EventDate "2017.07.14"]
[EventRounds "5"]
[EventCountry "ENG"]

1. e4 c5 2. Nf3 Nc6 3. d4 cxd4 4. Nxd4 g6 5. c4 Nf6 6. Nc3 Nxd4 7. Qxd4 d6 8.
Be3 Bg7 9. Be2 O-O 10. Qd2 a5 11. f3 a4 12. O-O Qa5 13. Rac1 Be6 14. Nd5 Nxd5
15. Qxa5 Rxa5 16. cxd5 Bd7 17. Bb6 Rc5 18. Bxc5 dxc5 19. Rc2 Bd4+ 20. Kh1 b5
21. g3 c4 22. f4 a3 23. bxa3 Ra8 24. Rd1 Bc5 25. Kg2 Rxa3 26. h3 h5 27. h4 {(=)
} Re3 28. Rdc1 Ba3 29. Rd1 Rxe4 30. Bf3 Re3 31. Re2 Rxe2+ 32. Bxe2 c3 33. Bd3
Bf5 34. Bxb5 c2 35. Re1 Be4+ 36. Kf2 Bxd5 37. Bd3 c1=Q 38. Rxc1 Bxc1 39. a4 Bd2
40. Bb5 Kg7 41. Ke2 Bb4 42. Ke3 Kf6 43. Kf2 Ke6 44. Ke2 Kf5 45. Bd7+ Ke4 46.
Bb5 Be6 47. Bc6+ Kd4 48. Kf2 Bd2 49. Ke2 Be3 50. Bb5 0-1

[Event "14th 4NCL Congress"]
[Site "Wokefield"]
[Date "2017.07.14"]
[Round "1"]
[Board "13"]
[White "Grieve, Harry"]
[Black "Foster, Timothy"]
[Result "1/2-1/2"]
[WhiteElo "2076"]
[BlackElo "1865"]
[PlyCount "24"]
[EventDate "2017.07.14"]
[EventRounds "5"]
[EventCountry "ENG"]

1. d4 Nf6 2. Bf4 g6 3. Nc3 d5 4. Qd2 Ne4 5. Nxe4 dxe4 6. O-O-O Bg7 7. Bh6 O-O
8. h4 Qd5 9. h5 Qxa2 10. Qe3 Bxh6 {(=)} 11. Qxh6 Qa1+ 12. Kd2 Qxb2 1/2-1/2

[Event "14th 4NCL Congress"]
[Site "Wokefield"]
[Date "2017.07.14"]
[Round "1"]
[Board "14"]
[White "Price, Gwilym T"]
[Black "Seymour, Timothy P"]
[Result "1-0"]
[WhiteElo "1776"]
[BlackElo "2073"]
[PlyCount "115"]
[EventDate "2017.07.14"]
[EventRounds "5"]
[EventCountry "ENG"]

1. e4 e5 2. Nc3 Nf6 3. Bc4 Bc5 4. f4 d6 5. Nf3 c6 6. d3 b5 7. Bb3 a5 8. a4 b4
9. Ne2 Qc7 10. c3 Ba7 11. fxe5 dxe5 12. d4 Nbd7 13. Qd3 O-O 14. Bg5 Re8 15.
Bxf6 gxf6 16. Nh4 Nf8 17. Rf1 bxc3 18. Qg3+ Kh8 19. bxc3 Ne6 20. Rxf6 exd4 21.
Qxc7 Nxc7 22. Rxc6 Rxe4 23. Rxc7 d3 24. Bd5 {(=)} Rxe2+ 25. Kd1 Bg4 26. Bxa8
Ra2+ 27. Bf3 Rxa1+ 28. Kd2 Bb8 29. Rxf7 Bxf3 30. Nxf3 Kg8 31. Rb7 Bd6 32. Kxd3
Rxa4 33. Rd7 Bc5 34. Nd4 Ra2 35. Ne6 Bg1 36. Rg7+ Kh8 37. h4 a4 38. h5 h6 39.
Rg6 Kh7 40. Kc4 Re2 41. Kb4 Re4+ 42. c4 Bh2 43. Nc5 Re5 44. g4 a3 45. Ra6 Rg5
46. Ne4 Re5 47. Ra7+ Kh8 48. Nf6 Re7 49. Rxa3 Kg7 50. Nd5 Re4 51. Ra7+ Kf8 52.
Nf6 Bd6+ 53. Kb5 Rf4 54. Nd7+ Ke8 55. c5 Be7 56. Ne5 Bf6 57. Ra8+ Bd8 58. Nc6
 1-0

[Event "14th 4NCL Congress"]
[Site "Wokefield"]
[Date "2017.07.14"]
[Round "1"]
[Board "15"]
[White "Nelson, Omowale A"]
[Black "Kapoor, Gurveen"]
[Result "1/2-1/2"]
[WhiteElo "2040"]
[BlackElo "1715"]
[PlyCount "78"]
[EventDate "2017.07.14"]
[EventRounds "5"]
[EventCountry "ENG"]

1. d4 Nf6 2. c4 c5 3. d5 e6 4. Nc3 exd5 5. cxd5 d6 6. Nf3 g6 7. e4 Bg7 8. h3
O-O 9. Bd3 Re8 10. O-O a6 11. a4 Nbd7 12. Re1 Nh5 13. g4 Nhf6 14. Bf4 h5 15. g5
Nh7 16. Kh2 Ne5 17. Rg1 Bd7 18. Bf1 Qa5 19. Nd2 c4 20. Bxc4 Rac8 21. Be2 Qb6
22. Be3 Qxb2 23. Na2 b5 24. Qb1 Nc4 25. Nxc4 Qxe2 26. Nd2 Be5+ 27. Kh1 bxa4 28.
Nc1 Qb5 29. h4 Qxb1 30. Rxb1 Bb5 31. f4 Bc3 32. Na2 Bxd2 33. Bxd2 Bd3 34. Nc3
Rxc3 35. Bxc3 Bxe4+ 36. Kh2 Bxb1 37. Rxb1 Nf8 38. Rb6 Re2+ 39. Kg1 Rc2 1/2-1/2

[Event "14th 4NCL Congress"]
[Site "Wokefield"]
[Date "2017.07.15"]
[Round "2"]
[Board "1"]
[White "Richmond, Jane"]
[Black "Adair, James R"]
[Result "0-1"]
[WhiteElo "2125"]
[BlackElo "2478"]
[PlyCount "42"]
[EventDate "2017.07.14"]
[EventRounds "5"]
[EventCountry "ENG"]

1. e4 c5 2. Nc3 d6 3. g3 g6 4. Bg2 Bg7 5. d3 Nc6 6. Be3 Rb8 7. Qd2 b5 8. f4 b4
9. Nd1 e6 10. Nf3 Nge7 11. O-O O-O 12. g4 f5 13. gxf5 exf5 14. Qf2 fxe4 15.
dxe4 d5 16. Qh4 Nd4 17. Ne5 dxe4 18. Bxe4 Bf5 19. Nf2 Ne2+ 20. Kg2 Bxe4+ 21.
Nxe4 Qd5 0-1

[Event "14th 4NCL Congress"]
[Site "Wokefield"]
[Date "2017.07.15"]
[Round "2"]
[Board "2"]
[White "Stewart, Ashley"]
[Black "Jackson, James P"]
[Result "0-1"]
[WhiteElo "2111"]
[BlackElo "2286"]
[PlyCount "106"]
[EventDate "2017.07.14"]
[EventRounds "5"]
[EventCountry "ENG"]

1. c4 c5 2. g3 Nc6 3. Bg2 g6 4. Nc3 Bg7 5. Nf3 e5 6. O-O Nge7 7. a3 O-O 8. Rb1
d6 9. b4 f5 10. Ne1 e4 11. Nc2 Rb8 12. Bb2 Be6 13. d3 Ne5 14. Nd5 Bxd5 15. cxd5
exd3 16. exd3 b6 17. d4 Nc4 18. Bc1 Rc8 19. Re1 Re8 20. Re6 Qd7 21. Bg5 Kf7 22.
dxc5 bxc5 23. Qe2 Nb6 24. Rd1 Ng8 25. Re1 Nf6 26. Qd3 Qa4 27. b5 Qc4 28. Qd1
Nbxd5 29. Rxd6 Nc3 30. Rd7+ Kg8 31. Bf1 Qb3 32. Qd6 Rxe1 33. Nxe1 Nxd7 34. Qxd7
Rf8 35. Qxa7 Bd4 36. Bh6 Qa2 37. Nd3 Re8 38. b6 Nd1 39. Qd7 Qe6 40. Qc7 c4 41.
Nf4 Qxb6 42. Bxc4+ Kh8 43. Qf7 Qb8 44. Ne6 Rxe6 45. Bxe6 Nxf2 46. Kg2 Ng4 47.
Bd2 Nf6 48. Bh6 Qa8+ 49. Kh3 Ng4 50. Bf8 Nf2+ 51. Kh4 Qe4+ 52. Kg5 Qg4+ 53. Kh6
Qh5# 0-1

[Event "14th 4NCL Congress"]
[Site "Wokefield"]
[Date "2017.07.15"]
[Round "2"]
[Board "3"]
[White "Gaudeau, Valentin"]
[Black "Head, Louise"]
[Result "1/2-1/2"]
[WhiteElo "2170"]
[BlackElo "2012"]
[PlyCount "44"]
[EventDate "2017.07.14"]
[EventRounds "5"]
[EventCountry "ENG"]

1. d4 d5 2. Bf4 c5 3. e3 Nc6 4. c3 Nf6 5. Nd2 Bf5 6. Qb3 Qd7 7. Ngf3 c4 8. Qd1
e6 9. Nh4 Bd6 10. Nxf5 exf5 11. Bg3 O-O 12. Be2 b5 13. a3 Ne4 14. Bxd6 Qxd6 15.
O-O {(=)} Na5 16. Nxe4 fxe4 17. Qc2 Rfe8 18. Rae1 Qh6 19. Bd1 f5 20. f3 Rf8 21.
Qf2 Nb7 22. fxe4 dxe4 1/2-1/2

[Event "14th 4NCL Congress"]
[Site "Wokefield"]
[Date "2017.07.15"]
[Round "2"]
[Board "4"]
[White "Golding, James"]
[Black "Murphy, Conor E"]
[Result "1/2-1/2"]
[WhiteElo "1963"]
[BlackElo "2154"]
[PlyCount "134"]
[EventDate "2017.07.14"]
[EventRounds "5"]
[EventCountry "ENG"]

1. d4 d5 2. c4 e6 3. Nc3 c6 4. Nf3 dxc4 5. e3 b5 6. a4 Bb4 7. Bd2 a5 8. axb5
Bxc3 9. Bxc3 cxb5 10. b3 Bb7 11. bxc4 b4 12. Bb2 Nf6 13. Bd3 O-O 14. O-O Nbd7
15. Re1 Ne4 16. Qc2 f5 17. c5 Qc7 18. Bb5 Bc6 19. Ba4 g5 20. Nd2 Bxa4 21. Rxa4
Nb6 22. Nxe4 Nxa4 23. Nxg5 Qe7 24. Nxe6 Qxe6 25. Qxa4 Qd5 26. f3 Ra6 27. Kf2 h5
28. Qb5 Rfa8 29. Qe2 a4 30. e4 Qa2 31. Ra1 Qb3 32. Qd2 f4 33. Bc1 Qe3+ 34. Qxe3
fxe3+ 35. Kxe3 a3 36. Kd3 b3 37. Kc3 b2 38. Bxb2 axb2 39. Rb1 Ra3+ 40. Kxb2
Rb8+ 41. Kxa3 Rxb1 42. c6 Kf7 43. d5 Ke8 44. c7 Kd7 45. d6 Rg1 46. g3 Re1 47.
Kb3 Re3+ 48. Kc4 Rxf3 49. e5 Re3 50. Kd4 Re2 51. h3 Rc2 52. Kd5 Rd2+ 53. Ke4
Re2+ 54. Kf4 Rf2+ 55. Ke3 Rc2 56. g4 hxg4 57. hxg4 Rc1 58. g5 Re1+ 59. Kf4 Rf1+
60. Ke4 Re1+ 61. Kf5 Rf1+ 62. Kg6 Re1 63. Kh7 Rxe5 64. g6 Re8 65. g7 Kxd6 66.
g8=Q Rxg8 67. Kxg8 Kxc7 1/2-1/2

[Event "14th 4NCL Congress"]
[Site "Wokefield"]
[Date "2017.07.15"]
[Round "2"]
[Board "5"]
[White "Wadsworth, Matthew J"]
[Black "Price, Gwilym T"]
[Result "0-1"]
[WhiteElo "2298"]
[BlackElo "1776"]
[PlyCount "110"]
[EventDate "2017.07.14"]
[EventRounds "5"]
[EventCountry "ENG"]

1. c4 g6 2. g3 Bg7 3. Bg2 d6 4. Nc3 e5 5. e4 Nc6 6. Nge2 Nge7 7. d3 O-O 8. O-O
f5 9. Nd5 Nxd5 10. cxd5 Ne7 11. Qb3 Kh8 12. Be3 c5 13. f4 fxe4 14. dxe4 Bg4 15.
Nc3 Qd7 16. fxe5 Bxe5 17. Bh6 Rxf1+ 18. Rxf1 Ng8 19. Bf4 Bd4+ 20. Kh1 a6 21.
Qc2 Re8 22. Ne2 Bg7 23. Ng1 Qe7 24. h3 g5 25. hxg4 gxf4 26. Rxf4 Be5 27. Nh3
Bxf4 28. gxf4 Nf6 29. Qc3 Kg8 30. Nf2 Qg7 31. g5 Nd7 32. Bh3 Re7 33. Ng4 Qxc3
34. bxc3 Rxe4 35. Nh6+ Kf8 36. Bxd7 Rxf4 37. a4 Rc4 {(=)} 38. Nf5 Rxc3 39. Kg2
Rd3 40. Be6 c4 41. Kf2 c3 42. Ne3 c2 43. Nxc2 Rd2+ 44. Ke3 Rxc2 45. Bf5 Rh2 46.
a5 Kg7 47. Bc8 Ra2 48. Bxb7 Rxa5 49. Kf4 Kg6 50. Bc6 Ra1 51. Be8+ Kg7 52. Kf5
Rf1+ 53. Kg4 a5 54. Bd7 Rd1 55. Bc6 a4 0-1

[Event "14th 4NCL Congress"]
[Site "Wokefield"]
[Date "2017.07.15"]
[Round "2"]
[Board "6"]
[White "Davies, Peter L"]
[Black "Claridge-Hansen, William"]
[Result "0-1"]
[WhiteElo "1991"]
[BlackElo "2267"]
[PlyCount "84"]
[EventDate "2017.07.14"]
[EventRounds "5"]
[EventCountry "ENG"]

1. e4 c5 2. c4 Nc6 3. Nf3 g6 4. d4 cxd4 5. Nxd4 Bg7 6. Ne2 d6 7. Nbc3 a6 8. Be3
Nf6 9. f3 Rb8 10. Nd4 O-O 11. Be2 Nxd4 12. Bxd4 Be6 13. O-O Nd7 14. Bxg7 Kxg7
15. Qd4+ f6 16. Rac1 Qa5 17. f4 Rfc8 18. f5 Bf7 19. fxg6 hxg6 20. Nd5 Bxd5 21.
Qxd5 Qb6+ 22. Kh1 Qxb2 23. Bg4 Rc7 24. Bxd7 Rxd7 25. c5 Rc8 26. Rb1 Qe5 27.
cxd6 Qxd5 28. exd5 exd6 29. Rb6 Rc5 30. h3 Rxd5 31. Rfb1 Kf7 32. Rxb7 Rxb7 33.
Rxb7+ Ke6 34. Rb2 Rd3 35. Kg1 f5 36. Kf2 Ra3 37. Rd2 d5 38. Rc2 g5 39. Ke2 Ke5
40. Rd2 d4 41. Rb2 Ke4 42. Rd2 d3+ 0-1

[Event "14th 4NCL Congress"]
[Site "Wokefield"]
[Date "2017.07.15"]
[Round "2"]
[Board "7"]
[White "Bansal, Rohan"]
[Black "Golding, Alex"]
[Result "0-1"]
[WhiteElo "1956"]
[BlackElo "2237"]
[PlyCount "42"]
[EventDate "2017.07.14"]
[EventRounds "5"]
[EventCountry "ENG"]

1. d4 Nf6 2. c4 g6 3. Nc3 Bg7 4. e4 d6 5. Nf3 O-O 6. Be2 e5 7. O-O Nc6 8. Be3
Ng4 9. Bg5 f6 10. Bc1 f5 11. d5 Nd4 12. Nxd4 exd4 13. Nb5 Nxh2 14. Kxh2 fxe4
15. Nxd4 Qh4+ 16. Kg1 Be5 17. g3 Bxg3 18. fxg3 Qxg3+ 19. Kh1 Qh4+ 20. Kg1 Bh3
21. Qe1 Rxf1+ 0-1

[Event "14th 4NCL Congress"]
[Site "Wokefield"]
[Date "2017.07.15"]
[Round "2"]
[Board "8"]
[White "Merriman, John"]
[Black "French, Max"]
[Result "1-0"]
[WhiteElo "2221"]
[BlackElo "1970"]
[PlyCount "71"]
[EventDate "2017.07.14"]
[EventRounds "5"]
[EventCountry "ENG"]

1. d4 Nf6 2. c4 e6 3. Nc3 Bb4 4. e3 O-O 5. Nge2 d5 6. a3 Bd6 7. c5 Be7 8. b4 c6
9. Nf4 Nbd7 10. Nd3 Qc7 11. f4 b6 12. Bd2 a5 13. Be2 Ba6 14. O-O bxc5 15. bxc5
Rab8 16. Be1 Ne4 17. Nxe4 dxe4 18. Nf2 Bxe2 19. Qxe2 f5 20. Qa2 Kf7 21. Nxe4
fxe4 22. f5 Ke8 23. Bg3 e5 24. dxe5 Bxc5 25. f6 g6 26. f7+ Kd8 27. e6 Bxe3+ 28.
Kh1 Ne5 29. Rad1+ Kc8 30. Qe2 Bh6 31. Bxe5 Qxe5 32. Qa6+ Rb7 33. Rd7 Qb5 34.
Qxb7+ Qxb7 35. Rxb7 Kxb7 36. e7 1-0

[Event "14th 4NCL Congress"]
[Site "Wokefield"]
[Date "2017.07.15"]
[Round "2"]
[Board "9"]
[White "Bourne, Johnathan D"]
[Black "Kalavannan, Koby"]
[Result "1/2-1/2"]
[WhiteElo "1937"]
[BlackElo "2154"]
[PlyCount "69"]
[EventDate "2017.07.14"]
[EventRounds "5"]
[EventCountry "ENG"]

1. e4 c5 2. Nc3 Nc6 3. Bb5 Nd4 4. Bc4 e6 5. Nf3 Nf6 6. O-O a6 7. d3 b5 8. Bb3
Nxb3 9. axb3 Bb7 10. Bg5 d6 11. Ne1 Be7 12. f4 h6 13. Bxf6 Bxf6 14. Nf3 O-O 15.
Qe1 d5 16. e5 Be7 17. Ne2 f5 18. d4 g5 19. Qd2 g4 20. Ne1 cxd4 21. Nxd4 Qb6 22.
b4 Rfc8 23. Kh1 Kf7 24. c3 a5 25. bxa5 Rxa5 26. Nec2 Ra4 27. Ne3 Bc5 28. Nexf5
exf5 29. Qd3 Bxd4 30. Qxf5+ Kg7 31. Rxa4 bxa4 32. cxd4 Rf8 33. Qd7+ Rf7 34.
Qxa4 Qa6 35. Qd1 1/2-1/2

[Event "14th 4NCL Congress"]
[Site "Wokefield"]
[Date "2017.07.15"]
[Round "2"]
[Board "10"]
[White "Anilkumar, Anantha P (jnr)"]
[Black "Hand, Freddie"]
[Result "0-1"]
[WhiteElo "1932"]
[BlackElo "2138"]
[PlyCount "94"]
[EventDate "2017.07.14"]
[EventRounds "5"]
[EventCountry "ENG"]

1. d4 d5 2. c4 dxc4 3. e4 e5 4. d5 Nf6 5. Nc3 Bc5 6. Bxc4 Ng4 7. Nh3 O-O 8. Qe2
h6 9. Bd2 a6 10. O-O-O b5 11. Bb3 Nf6 12. Ng1 Qe7 13. h3 a5 14. Nxb5 Ba6 15.
Bc4 c6 16. d6 Bxd6 17. Nxd6 Qxd6 18. Bc3 Qc5 19. Bxa6 Nxa6 20. Nf3 a4 21. Qc2
Qc4 22. Kb1 Nxe4 23. Nxe5 Nxc3+ 24. Qxc3 Qe4+ 25. Ka1 Nb4 26. f3 Qf5 27. Qxb4
Qxe5 28. Rhe1 {(=)} Qf5 29. Qe4 Qb5 30. Qe5 c5 31. Rc1 Rfe8 32. Qc3 Rxe1 33.
Rxe1 Rd8 34. Kb1 Rd3 35. Qc2 Rd8 36. Qe2 Qb4 37. a3 Qb3 38. Qc2 Qb5 39. Re4
Qf1+ 40. Ka2 g6 41. Rxa4 Rd1 42. Ra8+ Kh7 43. Rb8 c4 44. b3 Qe1 45. Re8 Ra1+
46. Kb2 c3+ 47. Qxc3 Qb1# 0-1